000 00771nam a2200265 i 4500
001 bg
100 1 _aZALESKI, Kazimierz
245 1 0 _aLaboratorium obróbki wiórowej, ściernej i erozyjnej /
_cKazimierz Zaleski, Marian Łozak ; Politechnika Lubelska.
260 _aLublin :
_bWydawnictwa Uczelniane PL,
_c1998.
300 _a94 s. :
_brys., wykr. ;
_c24 cm.
504 _aBibliogr. s. 93-94.
650 9 _aElektroerozja
650 9 _aSkrawanie
650 9 _aSzlifowanie
655 _aPodręczniki akademickie
700 1 _aŁOZAK, Marian
710 0 _aPolitechnika Lubelska
020 _a8387270245
040 _cBPK
041 0 _apl
080 _a621.9(075.8)
920 _a83-87270-24-5
942 _cKS
008 s pl f |000 0 pol
999 _c38466
_d38466
856 _uhttp://koha.tu.koszalin.pl/cgi-bin/koha/opac-detail.pl?biblionumber=38466
_yKatalog online BPK